El camino a la democracia
Bewaard in:
| Hoofdauteur: | |
|---|---|
| Formaat: | Boek |
| Taal: | Spaans |
| Gepubliceerd in: |
Viña del Mar
Radio Cooperativa
1985
|
| Editie: | 1a. ed |
| Onderwerpen: | |
| Tags: |
Voeg label toe
Geen labels, Wees de eerste die dit record labelt!
|
MARC
| LEADER | 00000cam a2200000 a 4500 | ||
|---|---|---|---|
| 001 | UCC1077 | ||
| 003 | CL-VaPUC | ||
| 008 | 170922e19851211cl |||||||||||||||||spa|d | ||
| 082 | 0 | 4 | |a 324.23 |b HAM |2 21 |
| 100 | |a Hamilton Depassier, Juan Patricio |e author |9 595119 | ||
| 245 | 1 | 3 | |a El camino a la democracia |
| 250 | |a 1a. ed | ||
| 300 | |a 24 p | ||
| 942 | |c BK | ||
| 945 | |d 20170922 16:51:00 |a arojas | ||
| 260 | |a Viña del Mar |b Radio Cooperativa |c 1985 | ||
| 650 | 0 | |a Democracia |9 255256 | |
| 650 | 7 | |a DEMOCRACIA CRISTIANA |2 CL-VaPUC |9 336874 | |
| 650 | 0 | |a Historia política |9 256974 | |
| 650 | 0 | |a Ideologías políticas |9 255735 | |
| 651 | 7 | |a CHILE |2 CL-VaPUC |9 595120 | |
| 583 | |a last modification |c 20170922 16:51:00 |k Rodrigo Vera | ||
| 999 | |c 369666 |d 369664 | ||
| 952 | |0 0 |1 0 |3 erb |4 0 |6 324_230000000000000_HAM_1985 |7 0 |8 X |9 485599 |a FDOBUD |b FDOBUD |i 5425557 |o 324.23 HAM 1985 |p 5425557 |r 2019-11-24 |w 2019-11-24 |y BK_X |z Catalogado en:20170922 |k BUD | ||